LEADER 02120oam 2200577M 450 001 9910715404803321 005 20191116081226.6 035 $a(CKB)5470000002512001 035 $a(OCoLC)1065806441 035 $a(OCoLC)995470000002512001 035 $a(EXLCZ)995470000002512001 100 $a20070221d1822 ua 0 101 0 $aeng 135 $aurcn||||||||| 181 $ctxt$2rdacontent 182 $cc$2rdamedia 183 $acr$2rdacarrier 200 10$aReport of the Committee of Claims, in the case of Caze and Richaud. February 22, 1822. Read, and ordered to lie on the table. March 6, 1822. Committed to a Committee of the Whole House to-morrow 210 1$a[Washington, D.C.] :$c[publisher not identified],$d1822. 215 $a1 online resource (3 pages) 225 1 $aHouse report / 17th Congress, 1st session. House ;$vno. 60 225 1 $a[United States congressional serial set ] ;$v[serial no. 70] 300 $aOpinion of Attorney General William Wirt, p. 2. 300 $aBatch processed record: Metadata reviewed, not verified. Some fields updated by batch processes. 300 $aFDLP item number not assigned. 606 $aClaims 606 $aMalicious mischief 606 $aVandalism 606 $aFires 606 $aShips 606 $aWarships, Scuttling of 606 $aWarships 607 $aUnited States$xHistory$yWar of 1812 608 $aLegislative materials.$2lcgft 615 0$aClaims. 615 0$aMalicious mischief. 615 0$aVandalism. 615 0$aFires. 615 0$aShips. 615 0$aWarships, Scuttling of. 615 0$aWarships. 701 $aWirt$b William$0805616 712 02$aUnited States.$bOffice of the Attorney General (1789-1870) 801 0$bWYU 801 1$bWYU 801 2$bOCLCO 801 2$bOCLCQ 906 $aBOOK 912 $a9910715404803321 996 $aReport of the Committee of Claims, in the case of Caze and Richaud. February 22, 1822. Read, and ordered to lie on the table. March 6, 1822. Committed to a Committee of the Whole House to-morrow$93542283 997 $aUNINA LEADER 02132nas 2200469 n 450 001 990008980440403321 005 20240229084446.0 011 $a0020-7403 035 $a000898044 035 $aFED01000898044 035 $a(Aleph)000898044FED01 035 $a000898044 091 $2CNR$aP 00004365 100 $a20161109a19609999km-y0itaa50------ba 101 0 $aeng 102 $aUS 110 $aauu-------- 200 1 $aInternational journal of mechanical sciences 207 1$a1960- 210 $aNew York-London$cPergamon Press 452 0$12001$aInternational journal of mechanical sciences 530 0 $aInternational journal of mechanical sciences 675 $a531 675 $a533 675 $a621 676 $a621.05 676 $a620 676 $a621 801 0$aIT$bACNP$c20090723 859 4 $uhttp://acnp.cib.unibo.it/cgi-ser/start/it/cnr/dc-p1.tcl?catno=2109&person=false&language=ITALIANO&libr=&libr_th=unina1$zBiblioteche che possiedono il periodico 901 $aSE 912 $a990008980440403321 958 $aBiblioteca Centrale "F. Gasparini". Facoltà di Ingegneria. Università degli Studi di Napoli "Federico II"$b1968-1983;$edXVIc3$fFINBC FINAG 958 $aBiblioteca di via Claudio. Dipartimento di Ingegneria strutturale. Università degli studi di Napoli Federico II$b1977-$c1978;1981;$fDINSC 959 $aFINBC 959 $aFINAG 959 $aDINSC 996 $aInternational journal of mechanical sciences$9793536 997 $aUNINA AP1 8 $6866-01$aNA104 Biblioteca Centrale "F. Gasparini". Facoltà di Ingegneria. Università degli Studi di Napoli "Federico II"$bdXVIc3$ep.le Tecchio,80, 80125 Napoli (NA)$m0817682190;0817682195$m0817682188$nit AP1 8 $6866-02$aNA128 Biblioteca di via Claudio. Dipartimento di Ingegneria strutturale. Università degli studi di Napoli Federico II$eVia Claudio, 21, Napoli (NA)$m(081) 7682125$m(081) 610445$nit AP2 40$aacnp.cib.unibo.it$nACNP Italian Union Catalogue of Serials$uhttp://acnp.cib.unibo.it/cgi-ser/start/it/cnr/df-p.tcl?catno=2109&language=ITALIANO&libr=&person=&B=1&libr_th=unina&proposto=NO LEADER 02831nam0 22004093i 450 001 VEA1025085 005 20251003044439.0 010 $a9788838666506 100 $a20130409d2011 ||||0itac50 ba 101 | $aita$cita 102 $ait 181 1$6z01$ai $bxxxe 182 1$6z01$an 183 1$6z01$anc$2RDAcarrier 200 1 $aContabilità e bilancio$fFabrizio Cerbioni, Lino Cinquini, Ugo Sòstero 205 $a3. ed 210 $aMilano [etc.]$cMcGraw- Hill$d2011 215 $aXXI, 456, 18 p.$d26 cm 225 | $aCollana di istruzione scientifica$i. Serie di discipline aziendali$v6 300 $aWeb site 300 $aMateriali aggiuntivi disponibili online sul sito dell'editore. 330 $aGli autori hanno cercato, per quanto possibile, di realizzare un testo snello, di facile lettura per linguaggio e modalità di proposizione dei concetti, ma radicato alle teorie e ai modelli ai quali la dottrina e la pratica riconoscono validità attuale. Oltre a ciò, si è cercato di affrontare in modo esauriente (anche se non necessariamente esaustivo) le tematiche tradizionalmente assegnate ai corsi base delle discipline ragioneristiche. Il libro è concepito per un corso base di ragioneria generale e applicata all'interno di una struttura modulare e di crediti didattici. Ciò spiega la decisione di individuare, assieme alle tecniche, una serie di aree tematiche di contenuto generale in cui vengono introdotte le logiche e i metodi propri delle rilevazioni quantitative d'azienda. Per questo il libro è stato suddiviso in parti. Il leit motiv del libro è un caso aziendale. Gli autori, infatti, hanno ritenuto che l'avvalersi di un caso rappresentasse una soluzione didattica molto forte e una delle poche vie per ricollegare il mondo delle operazioni agli aspetti tecnici delle rilevazioni. 410 0$1001RAV0281877$12001 $aCollana di istruzione scientifica$i. Serie di discipline aziendali$v6 500 10$aContabilità e bilancio$3EVE0003508$9CFIV151127$940174 676 $a657$9CONTABILITÀ$v21 676 $a657.2$9CONTABILITA. TENUTA DEI REGISTRI$v21 700 1$aCerbioni$b, Fabrizio$3CFIV151127$0116539 701 1$aSòstero$b, Ugo$3CFIV035522$0368770 701 1$aCinquini$b, Lino$3CFIV093536$0437328 801 3$aIT$bIT-000000$c20130409 850 $aIT-BN0095 901 $bNAP 01$cPOZZO LIB.$nVi sono collocati fondi di economia, periodici di ingegneria e scienze, periodici di economia e statistica e altri fondi comprendenti documenti di economia pervenuti in dono. 912 $aVEA1025085 950 0$aBiblioteca Centralizzata di Ateneo$c1 v.$d 01POZZO LIB.ECON MON 3043$e 0101 0006003935E VMA 1 v.$fB $h20210312$i20210312 977 $a 01 996 $aContabilità e bilancio$940174 997 $aUNISANNIO